Αντί στεφάνου : νουβέλα
Saved in:
| Main Author: | |
|---|---|
| Format: | Book |
| Language: | Greek |
| Published: |
Αθήνα :
Εστία,
2015.
|
| Series: | Σύγχρονη ελληνική πεζογραφία (Εστία)
206 |
| Subjects: | |
| Tags: |
Add Tag
No Tags, Be the first to tag this record!
|
MARC
| LEADER | 00000nam a2200000 a 4500 | ||
|---|---|---|---|
| 001 | 1/126736 | ||
| 008 | 230530s2015####gr | ||| |||| ||gre|| | ||
| 020 | |a 9789600516319 | ||
| 040 | |a GR-MyUa |b gre |c GR-MyUa |e AACR2 | ||
| 041 | 0 | |a gre | |
| 082 | 7 | |a 889.38 |2 (23) | |
| 100 | 1 | |a Μακριδάκης, Γιάννης. | |
| 245 | 1 | 0 | |a Αντί στεφάνου : |b νουβέλα / |c Γιάννης Μακριδάκης. |
| 260 | |a Αθήνα : |b Εστία, |c 2015. | ||
| 300 | |a 140 σ. ; |c 21 εκ. | ||
| 490 | 1 | |a (Σύγχρονη ελληνική πεζογραφία ; |v 206) | |
| 650 | 0 | |a Short stories, Greek (Modern) | |
| 650 | 0 | |a Greek literature, Modern. | |
| 830 | 0 | |a Σύγχρονη ελληνική πεζογραφία (Εστία) |v 206 | |
| 852 | |a INST |b LESVOS |e 20230530 |h 889.38 ΜΑΚ |p 005100064516 |q 005100064516 |t BK |y 0 | ||
| 970 | |a Καμάτσου |b Δέσποινα |z 30-05-2023 | ||